000 01065nam a22002537a 4500
005 20170124103138.0
010 _aA-913652
020 _c200.00
035 _aA-913652
037 _bCen Lib/Ret
040 _aDPL
_bHN
082 _a230.1
_bमिश्ररा
100 _aमिश्र, रामप्रसाद
_985225
245 _aराम :
_cरामप्रसाद मिश्र
_bऐतिहासिक जीवनचरित /
246 _aRam : etihasik jeevancharit /
_bby Ramprasad Mishra
260 _bइतिहास शोध-संस्थान
_c1998
_aनई दिल्ली
270 _aभूलभुलैय्याँ रोड, महरौली
_bनई दिल्ली
_e110030
300 _a203पृ.
_c20सेमी(सजिल्द)
650 _aहिन्दू धर्म
_985226
650 _aराम -- जीवनी
_91054
650 _aHindu religion
_985227
650 _aRam - Biography
_985228
942 _2ddc
_cHN
_h230.1
_mमिश्ररा
999 _c119492
_d119492